Pure philosophy simplified for youth / (Record no. 66401)

MARC details
000 -LEADER
fixed length control field 00948nam a22002777a 4500
005 - DATE AND TIME OF LATEST TRANSACTION
control field 20120510105148.0
008 - FIXED-LENGTH DATA ELEMENTS--GENERAL INFORMATION
fixed length control field 120510t xxu||||| |||| 00| 0 eng d
010 ## - LCCN (DPL NO)
LC control number ENG-105237
020 ## - INTERNATIONAL STANDARD BOOK NUMBER
International Standard Book Number 9788124606032
Terms of availability 100.00
020 ## - INTERNATIONAL STANDARD BOOK NUMBER
International Standard Book Number 812460603x
Terms of availability 100.00
035 ## - SYSTEM CONTROL NUMBER
System control number EN-88770
037 ## - SOURCE OF ACQUISITION
Source of stock number/acquisition DBAD/PUB
040 ## - CATALOGING SOURCE
Original cataloging agency DPL
Language of cataloging Eng
082 ## - DEWEY DECIMAL CLASSIFICATION NUMBER
Classification number 190
100 ## - MAIN ENTRY--PERSONAL NAME
Personal name Narayanaprasad, Muni
9 (RLIN) 46773
245 ## - TITLE STATEMENT
Title Pure philosophy simplified for youth /
Statement of responsibility, etc by Swami Muni Narayanaprasad
260 ## - PUBLICATION, DISTRIBUTION, ETC. (IMPRINT)
Place of publication, distribution, etc New Delhi
Name of publisher, distributor, etc D.K. Printworld
Date of publication, distribution, etc 2011
270 ## - ADDRESS
Address 'Srikunj', F-52, Bali Nagar, Ramesh Nagar Metro Station
City New Delhi
Postal code 15
300 ## - PHYSICAL DESCRIPTION
Extent viii,78p.
Dimensions 22cm(pbk)
500 ## - GENERAL NOTE
General note Includes index
650 ## - SUBJECT ADDED ENTRY--TOPICAL TERM
Topical term or geographic name as entry element Philosophy, Modern
9 (RLIN) 46774
650 ## - SUBJECT ADDED ENTRY--TOPICAL TERM
Topical term or geographic name as entry element Life
9 (RLIN) 46776
650 ## - SUBJECT ADDED ENTRY--TOPICAL TERM
Topical term or geographic name as entry element Hindu philosophy
9 (RLIN) 46778
942 ## - ADDED ENTRY ELEMENTS (KOHA)
Source of classification or shelving scheme Dewey Decimal Classification
Item type English Books
Classification part 190
Call number suffix NAR
Holdings
Withdrawn status Lost status Source of classification or shelving scheme Damaged status Not for loan Collection code Home library Current library Date acquired Source of acquisition Cost, normal purchase price Total Checkouts Full call number Barcode Date last seen Copy number Cost, replacement price Koha item type
    Dewey Decimal Classification   Not For Loan Non-fiction D.B.Act.Division D.B.Act.Division 10/05/2012 DBAD/PUB 100.00   190 NAR EN-88770 10/05/2012 1 100.00 English Books

© Delhi Public Library
Hit Counter
free hit counter